000 00269nam a2200097Ia 4500
082 _aJ 599.784 POLY
245 0 _aGrizzly bears : on the hunt
100 _a Polydoros, Lori Mankato, Minn., 2009
_995168
942 _cBK
008 210817s9999 xx 000 0 und d
999 _c393626
_d393625